000 00427nam a2200181Ia 4500
005 20240823045616.0
008 240823s9999||||xx |||||||||||||| ||und||
041 _aENGLISH
082 _A372.6521 N4
100 _a"Sharpe,Pamila J"
245 0 _aTOEFL 1996
250 _a7th
260 _c1996
_b"Galgotia,New Delhi"
500 _aTRANSFERED
650 _aGeneral
_bSoftware Engineering
942 _cBK
999 _c215357
_d215357